000 00349nam a2200133Ia 4500
008 230917s9999||||xx |||||||||||||| ||und||
040 _e107278
_aMAIN
041 _aEnglish
082 _a617.8 B97T
100 _aButtar, Sartaj Singh
245 0 _aTympanometry in cleft palati childran pre and post palatal closure
300 _a60 p.
942 _cTH
999 _c89185
_d89185